Распоряжение ГКО СССР № 250 о выделении Московскому совету средств для оказания материальной помощи семьям москвичей, у которых ...

RUSMARC
00003887cbm0a2200253#x 450
0015d07fdf1-4348-408d-a112-97e42e0afe70
00520230418091652.0
100##$a20220505j19410723k###0rusy50 ca
1010#$arus
102##$aRU
105##$ay###z########
1220#$ad19410723##
2001#$aРаспоряжение ГКО СССР № 250 о выделении Московскому совету средств для оказания материальной помощи семьям москвичей, у которых сгорело имущество, с приложением записки Пронина В. П. Молотову В. М.
$j23 июля 1941 г.
251##$cДокумент
300##$aРассылочный и подлинный экземпляры
461#0$12001
$aФ. 644
$1251
$cФонд
$1852
$j644
462#0$12001
$aОп. 1
$1251
$cОпись
$1852
$j1
605##$aВторая мировая война в архивных документах (Комплекс оцифрованных архивных документов, кино- и фотоматериалов)
$lколлекция
$2acquisition_Prlib
$3LIBNET\UAF\0000088514
605##$aСемья и традиционные семейные ценности в России как основа российской государственности
$lколлекция
$2acquisition_Prlib
$3LIBNET\UAF\0000106762
686##$a63.3(2)622-3ю11
$vLBC/M
$2rubbk
801#0$aRU
$bПБ им. Б.Н. Ельцина
$c20220505
801#1$aRU
$bПБ им. Б.Н. Ельцина
$c20220505
$2rusmarc
801#2$aRU
$bПБ им. Б.Н. Ельцина
$c20220505
$2rusmarc
850##$aРоссийский государственный архив социально-политической истории
852##$aРГАСПИ
$jД. 4. Л. 32; Оп. 2. Д. 7. Л. 103-104
035##$aLIBNET\0001239199
937##$d176119794
$hФедеральное архивное агентство
8564#$uhttp://readingroom.main.prlib.ru/item.aspx?id_node=n176119794&mode=full
Формат отображения